• 首页
  • 本馆介绍
  • 公告通知
  • 最新文献
  • 馆藏检索
  • 电子资源
  • 读者导购
  • 参考咨询
  • 我的图书馆
  • 登录
  • 详细信息显示
  • 放入我的书架
  • 预约/预借图书
  • 作者相关作品
  • 分类相关作品
  • 丛书相关作品
  • 出版社相关作品

书目信息

  • 表格格式
  • 工作单格式
  • 卡片格式
题名:
乾嘉汉学的教育思想与论著选读
    
 
作者: 冯克诚 编著
分册: 下  
出版信息: 北京   人民武警出版社  2011
页数: 267页
开本: 24cm
丛书名:
单 册:
中图分类: G40-092.49
科图分类:
主题词: 理学--教育思想--研究--中国--明代 , 理学
电子资源:
ISBN: 978-7-80176-464-5
000 00760nam0 2200241 45
001 1237576372
005 20120618100606.37
010    @a978-7-80176-464-5@dCNY39.80(全2册79.60)
100    @a20120408d2011 ekmy0chiy0120 ea
101 0  @achi
102    @aCN@b110000
105    @aa z 000yy
106    @ar
200 1  @a乾嘉汉学的教育思想与论著选读@AQian Jia Han Xue De Jiao Yu Si Xiang Yu Lun Zhu Xuan Dou@h下@HXia@f冯克诚编著@FFeng Ke Cheng Bian Zhu
210    @a北京@c人民武警出版社@d2011
215    @a267页@d24cm
300    @a教师必读文库
606 0  @a理学@x教育思想@x研究@y中国@z明代
606 0  @a理学
690    @aG40-092.49@v4
701  0 @a冯克诚@AFeng Ke Cheng@4编著
801  0 @aCN@bTSTCL@c20120604
905    @b0816836-39@dG40-092.49@e589:2@f4
    
    乾嘉汉学的教育思想与论著选读.下/冯克诚编著.-北京:人民武警出版社,2011
    267页;24cm
    教师必读文库
    
    ISBN 978-7-80176-464-5:CNY39.80(全2册79.60)
    
●
相关链接 在E读中查询图书 在五车中查询图书 在当当中查询图书 在豆瓣中查询图书


正题名:乾嘉汉学的教育思想与论著选读     索取号:G40-092.49/589:2         预约/预借

序号 登录号 条形码 馆藏地/架位号 状态 备注
1 0816836   208168365   第一样本阅览室/ [索取号:G40-092.49/589:2] 在馆    
2 0816837   208168374   第四借阅区/ [索取号:G40-092.49/589:2] 在馆    
3 0816838   208168383   教育系资料室/ [索取号:G40-092.49/589:2] 在馆    
4 0816839   208168392   第四借阅区/ [索取号:G40-092.49/589:2] 在馆    
唐山师范学院图书馆 欢迎您!
大连网信软件有限公司© 版权所有